000 01575 a2200301 4500
001 117171
020 _a9781557043313
041 _aeng
082 _a372
100 _aSegal, Marilyn M.
240 1 0 _lEnglish
250 _a2nd ed.
300 _a291 p.
490 _aYour child at play
505 _aExploring, learning, making friends, and pretending
520 _aThe toddler time, between one and two years old, is an exciting period of self-definition, exploration, and physical and emotional growth for your child. This easy-to-read book, illustrated with more than 200 photos, provides a vivid look at everyday life with a toddler and offers hundreds of creative play activities; expert advice on managing problem situations; and ideas for encouraging creativity, exploration, and language skills. Some of the strategies for daily living included in the book are: toilet training dressing helping around the house going out in public controlling temper tantrums gaining physical prowess the timid or fussy explorer everyday routines helping Mom and Dad word power making friends having fun with toys pretending
521 _aPL
697 _aChild rearing
697 _aChild development
697 _aLearning
697 _aCreative activities and seat work
856 _u000029/00002920.jpg
040 _aBR-BrIDEA
_cBR-BrIDEA
090 _aA PL 372
_bSEG
245 1 0 _aYour child at play
_bone to two years : exploring, learning, making friends, and pretending
_cMarilyn M. Segal
260 _aNew York
_bNew Market Press
_c1998
942 _cBK
999 _c117171
_d117171